[Event "Candidates Tournament"]
[Site "Kazan"]
[Date "2011.05.06"]
[Round "1.2"]
[White "Grischuk, Alexander"]
[Black "Aronian, Levon"]
[Result "1/2-1/2"]
[WhiteElo "2747"]
[BlackElo "2808"]
[Annotator "Marin,Mihail"]
[PlyCount "43"]
[EventDate "2011.05.05"]
[EventType "k.o."]
[EventRounds "3"]
[EventCountry "RUS"]
[SourceTitle "CBM 143"]
[Source "ChessBase"]
[SourceDate "2011.07.15"]
[SourceVersion "1"]
[SourceVersionDate "2011.07.15"]
[SourceQuality "1"]

1. d4 d5 2. Nf3 Nf6 3. c4 e6 4. Nc3 Be7 5. cxd5 ({The game variation usually is achieved with} 5. Qc2 c5 6. cxd5 exd5) 5... exd5 6. Qc2 c5 ({Aronian may have feared some special analysis of his opponent in the main line after} 6... c6 7. Bg5 g6 8. e4 $5) ({RR} 6... c6 7. e3 Nbd7 8. Bd3 O-O 9. g4 Bb4 10. Bd2 Qe7 11. Rg1 Bxc3 12. Bxc3 Ne4 13. g5 a5 14. a4 Re8 15. h4 b6 16. h5 Ba6 17. Bxe4 dxe4 18. Nh4 Qe6 19. Rg3 Bd3 20. Qd1 b5 21. axb5 {Ding,L (2812)-Anand,V (2779) Shamkir 2019 ½-½ (34)}) ({RR} 6... c6 7. h3 Bd6 8. g3 O-O 9. Bf4 Re8 10. e3 a5 11. Bd3 Na6 12. a3 Nc7 13. Rc1 h6 14. Bxd6 Qxd6 15. g4 Ne6 16. Ne2 Bd7 17. Ng3 Nf4 18. Ne5 Nxd3+ 19. Qxd3 b6 20. O-O c5 21. f4 {Sjugirov,S (2692)-Tang,A (2505) chess.com INT 2024 1-0 (51)}) 7. Bg5 cxd4 $146 ({RR} 7... Nc6 8. dxc5 g6 9. e3 Bf5 10. Bd3 Nb4 11. Qa4+ Qd7 12. Bb5 Nc6 13. Ne5 Nxe5 14. Bxd7+ Nexd7 15. Bxf6 Bxf6 16. Nxd5 Bd8 17. e4 Be6 18. Nf4 Rc8 19. Nxe6 fxe6 20. Rd1 Rc7 21. b4 a6 22. O-O {Molina,R (2434)-Rojas Salas,S (2194) Chess.com INT 2020 1-0 (49)}) ({RR} 7... Nc6 8. dxc5 g6 9. e3 Bf5 10. Bd3 Nb4 11. Qa4+ Qd7 12. Bb5 Nc6 13. Ne5 Nxe5 14. Bxd7+ Nexd7 15. Bxf6 Bxf6 16. Nxd5 Bd8 17. e4 Be6 18. Nf4 Rc8 19. Nxe6 fxe6 20. Rd1 Rc7 21. b4 a6 22. O-O {Molina,R (2434)-Rojas Salas,S (2194) Chess.com INT 2020 1-0 (49)}) 8. Nxd4 Nc6 9. Rd1 (9. Nxc6 {Kortschnoj,V (2608)-Baramidze,D (2554)/Pulvermuehle 2006/CBM 112/[Dautov] (1-0, 50)}) 9... O-O $146 (9... h6 10. Bh4 Qa5 11. e3 O-O 12. Be2 Be6 13. Nb3 Qb4 $132 {Rustemov,A (2565)-Ubilava,E (2521)/Olite 2006/CBM 115 (1/2, 94)}) 10. e3 Be6 11. Be2 Rc8 12. Nf5 h6 13. Bh4 Re8 14. Nxe7+ Qxe7 15. O-O g5 16. Bg3 Ne4 17. Qb1 Nxg3 18. hxg3 Red8 19. Nb5 {White is one step away from reaching a dream blockade on d4, after having exchanged two minor pieces already.} d4 $1 $11 20. Nxd4 Nxd4 21. exd4 (21. Rxd4 Rxd4 22. exd4 Bxa2 $11) 21... Qf6 (21... Bxa2 $5) 22. Bf3 1/2-1/2

[Event "EU-chT (Men) 12th"]
[Site "Batumi"]
[Date "1999.12.06"]
[Round "8.1"]
[White "Beliavsky, Alexander G"]
[Black "Filippov, Valerij"]
[Result "1-0"]
[WhiteElo "2618"]
[BlackElo "2605"]
[Annotator "Baburin,Alexander"]
[PlyCount "69"]
[EventDate "1999.11.06"]
[EventType "team-swiss"]
[EventRounds "9"]
[EventCountry "GEO"]
[SourceTitle "CBM 074"]
[Source "ChessBase"]
[SourceDate "2000.02.01"]
[SourceVersion "1"]
[SourceVersionDate "2000.02.01"]
[SourceQuality "1"]
[WhiteTeam "Slovenia"]
[BlackTeam "Russia"]
[WhiteTeamCountry "SLO"]
[BlackTeamCountry "RUS"]

1. d4 d5 2. c4 c6 3. Nf3 Nf6 4. Nc3 e6 5. Bg5 Nbd7 6. cxd5 exd5 7. e3 Be7 8. Bd3 Ne4 {It is not really clear whether this move is better than the usual 8...0-0, 9...Re8, 10...Nf8, etc.} 9. Bxe7 Qxe7 10. Qc2 f5 {Black supports the e4-knight and clears the path for his rook to the kingside (via f6). But this move also leaves the e5-square somewhat weak.} 11. O-O O-O 12. Rab1 a5 ({RR} 12... Rf6 13. Ne2 Rh6 14. Ng3 Nf8 15. Rfe1 g5 16. Nd2 g4 17. Ndf1 Ng6 18. f3 gxf3 19. gxf3 Ng5 20. Qe2 Nh4 21. Nd2 f4 22. exf4 Qxe2 23. Bxe2 Nh3+ 24. Kh1 Nxf4 25. Bf1 Bf5 26. Rbc1 Kf7 27. Re5 {Kryakvin,D (2565)-Grachev,B (2640) Novokuznetsk 2008 0-1 (57)}) 13. a3 (13. Rfc1 {led to complicated play after} Rf6 14. Ne2 Rh6 15. Ng3 Nf8 16. Ne5 Ng6 17. f4 Nxe5 18. dxe5 {in the game Riazantsev-Kharitonov, Moscow 1999.}) ({RR} 13. Na4 Rf6 14. Nc3 Rh6 15. Qb3 g5 16. Nxd5 cxd5 17. Qxd5+ Kh8 18. Bxe4 Nf6 19. Qe5 Qxe5 20. Nxe5 Nxe4 21. Rbc1 Be6 22. Rc7 Bxa2 23. Rxb7 Bd5 24. Rd7 Rd6 25. Rc7 Rb8 26. f3 Nd2 27. Rfc1 Rdd8 {Babasoy,K (1453)-Cioboata,L (1525) Almaty 2025 ½-½ (32)}) 13... Kh8 14. Rfe1 $146 ({RR} 14. b4 axb4 15. axb4 Ra3 16. Ne2 Ndf6 17. Ne5 Ng4 18. Nxg4 fxg4 19. Bxe4 dxe4 20. b5 Bd7 21. bxc6 Bxc6 22. Qb2 Rfa8 23. Nf4 Ra2 24. Qc3 R2a3 25. Rb3 Rxb3 26. Qxb3 Ra3 27. Qb6 Ra6 28. Qb3 Ra3 {Koelle,T (2274)-Khachatryan,T (2070) Playchess.com INT 2021 1-0 (32)}) ({RR} 14. b4 axb4 15. axb4 Ra3 16. Ne2 Ndf6 17. Ne5 Ng4 18. Nxg4 fxg4 19. Bxe4 dxe4 20. b5 Bd7 21. bxc6 Bxc6 22. Qb2 Rfa8 23. Nf4 Ra2 24. Qc3 R2a3 25. Rb3 Rxb3 26. Qxb3 Ra3 27. Qb6 Ra6 28. Qb3 Ra3 {Koelle,T (2274)-Khachatryan,T (2070) Playchess.com INT 2021 1-0 (32)}) 14... Rf6 15. Nd2 Nd6 16. Na4 b5 $6 {[%csl Rc5]} 17. Nc5 Nc4 18. Nxd7 Bxd7 19. Nf3 $1 {White keeps the kingside well protected. On c5 his knight may not have much to do.} Raf8 20. a4 $1 Qb4 21. Qc3 $1 Qxa4 (21... f4 22. Qxb4 axb4 23. axb5 $16) 22. b3 Qa3 23. Rec1 Nb6 24. Ra1 Qe7 25. Qxa5 f4 $2 ({This is pretty desperate, but} 25... Qd8 26. g3 $16 {would have left White with big advantage.}) 26. Qxb6 $18 fxe3 27. Qc5 exf2+ 28. Kxf2 Rxf3+ 29. gxf3 Qf6 30. Kg1 Kg8 31. Bf1 Qxf3 32. Bg2 Qe3+ 33. Kh1 Bh3 34. Rf1 Rxf1+ 35. Rxf1 1-0

[Event "FIDE Grand Swiss"]
[Site "Samarkand"]
[Date "2025.09.07"]
[Round "4"]
[White "Yu, Yangyi"]
[Black "Puranik, Abhimanyu Sameer"]
[Result "1/2-1/2"]
[WhiteElo "2714"]
[BlackElo "2635"]
[PlyCount "81"]
[EventDate "2025.09.04"]
[EventType "swiss"]
[EventRounds "11"]
[EventCountry "UZB"]
[SourceTitle "Mega2025 Update 46"]
[Source "Chessbase"]
[SourceDate "2025.09.19"]
[SourceVersion "1"]
[SourceVersionDate "2025.09.19"]
[SourceQuality "1"]

1. d4 Nf6 2. c4 e6 3. Nc3 d5 4. cxd5 exd5 5. Bg5 Be7 6. e3 h6 7. Bh4 O-O 8. Bd3 Re8 9. Nge2 c6 10. O-O Nbd7 11. f3 b5 {The main line 11...b5 scores better than 11...Nf8. Die Hauptvariante 11...b5 punktet besser als 11...Sf8.} 12. Rc1 Bb7 ({RR} 12... a5 13. Bf2 Ba6 14. Nf4 Bd6 15. Re1 Nb6 ({RR} 15... a4 16. Nce2 c5 17. dxc5 Nxc5 18. Bb1 Ne6 19. Qd2 b4 20. b3 axb3 21. axb3 Qb8) 16. b3 b4 17. Nce2 Bxd3 18. Nxd3 Rc8 19. Ng3 Nbd7 20. Re2 Qb6 21. Rec2 g6 22. Ne2 Qb5 23. Qd2 Rc7 24. Bg3 Bxg3 25. hxg3 h5 26. Nef4 Kg7 27. Nc5 {Yu,Y (2714)-Ma,Q (2610) Nanjing 2025 1-0 (55)}) 13. Qd2 ({RR} 13. Bf2 a6 14. Nf4 c5 15. dxc5 Nxc5 16. Bf5 Bf8 17. Nce2 Bc8 18. Nd4 Bxf5 19. Nxf5 g6 20. Nd4 Rc8 21. Qd2 Qb6 22. Rc2 Ncd7 23. Rfc1 Rxc2 24. Rxc2 Ne5 25. b3 a5 26. Nd3 Nxd3 27. Qxd3 Bc5 {Klukin,K (2414)-Bouska,J (2334) chess.com INT 2026 1-0 (60)}) 13... a6 14. Bf5 g6 $146 ({RR} 14... c5 15. Bxd7 Nxd7 16. Bxe7 Qxe7 17. dxc5 Nxc5 18. Nf4 Rad8 19. Rfd1 Qg5 20. Nxb5 d4 21. Nxd4 Ne6 22. Nfxe6 fxe6 23. e4 Qf6 24. Qf2 Rf8 25. Qe3 Rf7 26. Rd2 g5 27. h3 h5 28. Rc5 Rg7 29. g4 {Vetoshko,V (2513)-Ermitsch,M (2399) Petrovac MNE 2024 1-0 (33)}) 15. Bh3 Nb6 16. b3 Nh7 17. Bxe7 Qxe7 18. Nd1 Ng5 19. Nf4 a5 20. Re1 a4 21. Nf2 axb3 22. axb3 Ra3 23. e4 $146 (23. Rb1 Rea8 24. N4d3 Ra2 25. Rb2 Ra1 26. Nc5 R8a3 27. Reb1 R3a2 28. Qe1 Rxb1 29. Rxb1 {½-½ Bluebaum,M (2640)-Pultinevicius,P (2587) Olympiad-45 Budapest 2024 (3.7)}) 23... Qf8 24. Ng4 Kg7 25. exd5 Nxd5 26. Nxd5 cxd5 27. Qf4 Bc8 28. Nf6 Rxe1+ 29. Rxe1 Bxh3 30. Re8 Ra2 31. Rxf8 Rxg2+ 32. Kh1 Kxf8 33. Qd6+ Kg7 34. Ne8+ Kg8 35. Nf6+ Kg7 36. Nd7 Nh7 37. Qe5+ Kg8 38. Qb8+ Kg7 39. Qe5+ Kg8 40. Qe8+ Kg7 41. Qe5+ 1/2-1/2

[Event "FIDE Grand Swiss"]
[Site "Samarkand"]
[Date "2025.09.05"]
[Round "2"]
[White "Yu, Yangyi"]
[Black "Sjugirov, Sanan"]
[Result "1-0"]
[WhiteElo "2714"]
[BlackElo "2636"]
[PlyCount "147"]
[EventDate "2025.09.04"]
[EventType "swiss"]
[EventRounds "11"]
[EventCountry "UZB"]
[SourceTitle "Mega2025 Update 46"]
[Source "Chessbase"]
[SourceDate "2025.09.19"]
[SourceVersion "1"]
[SourceVersionDate "2025.09.19"]
[SourceQuality "1"]

1. d4 d5 2. c4 c6 3. Nf3 Nf6 4. Nc3 e6 5. Bg5 Nbd7 6. cxd5 exd5 7. e3 h6 {now scores much better than the old 7...Be7. punktet besser als das ältere 7...Le7.} 8. Bh4 Be7 ({RR} 8... g5 9. Bg3 Nh5 10. Bd3 Nxg3 11. hxg3 Bg7 12. O-O a5 13. Qc2 O-O 14. Bh7+ Kh8 15. Bf5 Qe7 16. g4 Nb6 17. g3 Nc4 18. Kg2 Nd6 19. Rh1 Kg8 20. Rh5 Bxf5 21. gxf5 Rfe8 22. Rah1 Qf6 23. g4 {Sarana,A (2679)-Kramnik,V (2753) chess.com INT 2024 1-0 (64)}) 9. Nd2 $146 {[%mdl 4] A promising side line. Eine vielversprechende Nebenvariante.} ({RR} 9. Bg3 Qa5 10. a3 Ne4 11. Qc2 Ndf6 12. Nd2 Bf5 13. Ndxe4 Nxe4 14. Bd3 Nxg3 15. hxg3 Bxd3 16. Qxd3 b5 17. b4 Bxb4 18. Rc1 Qxa3 19. O-O O-O 20. Qc2 Bxc3 21. Qxc3 Qxc3 22. Rxc3 Rfc8 23. Rfc1 b4 {Cereijo Suarez,N (1316)-Alonso Gonzalez,F (1636) Pontevedra 2018 0-1 (57)}) ({RR} 9. Qc2 Nh5 10. Bxe7 Qxe7 11. O-O-O Nb6 12. Kb1 Nf6 13. Bd3 Bg4 14. Rc1 Bxf3 15. gxf3 O-O-O 16. Na4 Nxa4 17. Qxa4 Kb8 18. Rc3 Rd6 19. Rhc1 Rc8 20. Ra3 b6 21. Rac3 Rc7 22. Rxc6 Rdxc6 23. Rxc6 Qd7 {Torres Rosas,L (2312)-Salinas Herrera,P (2454) Oaxtepec MEX 2026 1-0 (49)}) 9... O-O 10. Bd3 c5 11. O-O cxd4 $146 (11... c4 12. Bc2 b5 13. Qf3 Bb7 14. Nxb5 Qb6 15. Nc3 Qxb2 16. Rfc1 g6 17. Ne2 Qb4 {1-0 Delchev,A (2554)-Alonso Rosell,A (2559) Catalunya-chT Gp1 2019 (5.1)}) 12. exd4 Nb8 13. Re1 Nc6 14. Nb3 Be6 15. Rc1 Rc8 16. Bb1 Re8 17. Qd3 Nb4 18. Qf3 Nc6 19. h3 Nd7 20. Bg3 Nf8 21. Rc2 Bd6 22. Rce2 Bxg3 23. fxg3 Re7 24. Kh2 b6 25. Bd3 Nb4 26. Bb1 Nc6 27. Qf4 Bd7 28. Rf1 Be8 29. Ref2 Rcc7 30. Bf5 Ne6 31. Qg4 a6 32. Bd3 Nb4 33. Bb1 Nf8 34. Rf5 Bd7 35. a3 Bxf5 36. Rxf5 Rxc3 37. bxc3 Nc6 38. Qf3 Rd7 39. Bd3 Ne6 40. Qg4 b5 41. Rf1 Qe7 42. Re1 Qd6 43. Nc5 Re7 44. Qf5 Nf8 45. Rxe7 Nxe7 46. Qe5 Qxe5 47. dxe5 a5 48. Bxb5 Ne6 49. Nb3 Nc7 50. Ba4 Ng6 51. Nxa5 Nxe5 52. Kg1 Nd3 53. Bc2 Nc5 54. a4 Kf8 55. Nc6 Ke8 56. Kf2 Kd7 57. Nd4 g6 58. Ke3 Kd6 59. g4 Nd7 60. Bd3 Kc5 61. Nb3+ Kd6 62. a5 Ne5 63. Be2 Nc6 64. c4 Ke5 65. c5 Ne6 66. Bb5 d4+ 67. Kd2 Na7 68. Be8 Nf4 69. Bxf7 Nxg2 70. Nc1 Kf6 71. Be8 Nf4 72. Ne2 Nxh3 73. Nxd4 Nf2 74. Kc3 1-0

[Event "FIDE Grand Swiss"]
[Site "Samarkand"]
[Date "2025.09.05"]
[Round "2"]
[White "Mishra, Abhimanyu"]
[Black "Sarana, Alexey"]
[Result "1-0"]
[WhiteElo "2610"]
[BlackElo "2691"]
[PlyCount "90"]
[EventDate "2025.09.04"]
[EventType "swiss"]
[EventRounds "11"]
[EventCountry "UZB"]
[SourceTitle "Mega2025 Update 46"]
[Source "Chessbase"]
[SourceDate "2025.09.19"]
[SourceVersion "1"]
[SourceVersionDate "2025.09.19"]
[SourceQuality "1"]

1. d4 Nf6 2. c4 e6 3. Nc3 d5 4. cxd5 exd5 5. Bg5 c6 6. e3 Bf5 {6...h6 is becoming the main line. 6...h6 wird zur Hauptvariante.} 7. f3 ({RR} 7. Nge2 h6 8. Bf4 Nbd7 9. Ng3 Bh7 10. h4 Bb4 11. Bd3 Bxd3 12. Qxd3 O-O 13. f3 Re8 14. a3 Bf8 15. Kf2 g6 16. Nge2 Bg7 17. g4 h5 18. Rag1 hxg4 19. fxg4 c5 20. h5 cxd4 21. exd4 Ne4+ {Caruana,F (2804)-Dominguez Perez,L (2749) Saint Louis USA 2024 0-1 (46)}) ({RR} 7. Nge2 h6 8. Bf4 Nbd7 9. Ng3 Bh7 10. Bd3 Bxd3 11. Qxd3 g5 12. Be5 Nxe5 13. dxe5 Nd7 14. f4 Nc5 15. Qc2 gxf4 16. exf4 Qh4 17. O-O Rg8 18. Rad1 Rd8 19. Nce2 Ne6 20. Kh1 Rg4 21. Rf3 Rd7 {Mamedyarov,S (2757)-Sarana,A (2662) Chess.com INT 2022 0-1 (39)}) 7... h6 ({RR} 7... Be7 8. Nge2 h6 9. Bf4 Bh7 10. Ng3 Qb6 11. Qd2 Nbd7 12. h4 Nf8 13. Bd3 Bxd3 14. Qxd3 Ne6 15. Be5 Nd7 16. O-O-O Nxe5 17. dxe5 O-O-O 18. Nf5 Rhe8 19. Kb1 Kb8 20. h5 Qc7 21. Nxe7 Qxe7 22. g4 {Gledura,B (2663)-Hovhannisyan,R (2635) Jermuk ARM 2025 0-1 (35)}) 8. Bh4 Nbd7 $146 ({RR} 8... Be7 9. Bd3 Bxd3 10. Qxd3 Nbd7 11. Nge2 b5 12. O-O O-O 13. Rac1 Re8 14. Bf2 Bf8 15. Ng3 Qa5 16. e4 b4 17. Nce2 Qxa2 18. e5 Nh7 19. b3 c5 20. Ra1 c4 21. Qf5 Qxb3 22. Qxd7 c3 23. Nh5 {Ovezdurdiyeva,J (2016)-Nie,X (2045) Chengdu 2017 0-1 (47)}) 9. g4 $146 (9. Bd3 Bxd3 10. Qxd3 Be7 11. Nge2 O-O 12. g4 b5 13. Rc1 Rc8 14. O-O Re8 15. Kg2 b4 {0-1 Mamedyarov,S (2764)-Duda,J (2753) Online Olym KO Stage rapid 2020 (2.1)}) 9... Bh7 10. Bg3 Nb6 11. Bd3 Bd6 12. Nge2 Bxg3+ 13. Nxg3 Qe7 14. Qd2 Bxd3 15. Qxd3 g6 16. O-O-O O-O-O 17. Kb1 Kb8 18. h4 Rhe8 19. Rde1 Qc7 20. Rh3 h5 21. g5 Nfd7 22. f4 Nc4 23. f5 Qd6 24. b3 Qb4 25. Rh2 Nde5 26. dxe5 Nxe5 27. Qd4 c5 28. Qxb4 cxb4 29. Nd1 Nf3 30. Rhh1 d4 31. e4 Nxe1 32. Rxe1 d3 33. Nf2 d2 34. Rd1 Re5 35. f6 Rc5 36. Nf1 Rc3 37. Rxd2 Rxd2 38. Nxd2 Kc7 39. e5 Kd7 40. Nfe4 Rc7 41. Nd6 Ke6 42. N2c4 Rd7 43. Kc1 b6 44. Kc2 Rd8 45. Kd3 Kd5 1-0

[Event "Edmonton 11th"]
[Site "Edmonton"]
[Date "2016.06.25"]
[Round "8"]
[White "Shankland, Samuel L"]
[Black "Ganguly, Surya Shekhar"]
[Result "1-0"]
[WhiteElo "2646"]
[BlackElo "2654"]
[Annotator "Fischer,Johannes"]
[PlyCount "87"]
[EventDate "2016.06.18"]
[EventType "tourn"]
[EventRounds "9"]
[EventCountry "CAN"]
[EventCategory "9"]
[SourceTitle "CBM 173 Extra"]
[Source "ChessBase"]
[SourceDate "2016.08.29"]
[SourceVersion "1"]
[SourceVersionDate "2016.08.29"]
[SourceQuality "1"]

1. d4 Nf6 2. c4 e6 3. Nc3 d5 4. cxd5 Nxd5 5. e4 Nxc3 6. bxc3 c5 7. Rb1 Be7 8. Bc4 {This natural move is in fact a novelty.} O-O 9. Ne2 Nc6 10. O-O b6 11. Be3 Bb7 12. Nf4 cxd4 13. cxd4 {[#]} Rc8 $5 {Daring White to take on e6.} ({After} 13... Na5 14. Bd3 Rc8 {the position is roughly equal but sharp - White will try to attack on the kingside, Black will play on the queenside.}) 14. Nxe6 {White accepts the invitation.} fxe6 15. Bxe6+ Kh8 16. Bxc8 Qxc8 $146 ({RR} 16... Bxc8 17. f4 Na5 18. Qd3 Qd7 19. d5 Nb7 20. Rbd1 Qa4 21. Qb1 Bc5 22. Rde1 Re8 23. e5 Bxe3+ 24. Rxe3 Nc5 25. Qd1 Qxd1 26. Rxd1 Bf5 27. e6 Kg8 28. Kf2 Rd8 29. e7 Re8 30. d6 Kf7 31. h3 {Girya,O (2457)-Ning,K (2224) China 2019 1-0 (46)}) 17. Qa4 {[#]White has rook and two pawns for two minor pieces and materially the position is roughly equal. However, White's central pawns might become dangerous and all in all the position is easier to play for White.} b5 $6 {Black tries to liberate his position but even though he wins the exchange for a pawn he is clearly worse after the following sequence.} 18. Rxb5 Ba6 19. Rfb1 Bxb5 20. Qxb5 {Now White has three pawns for a piece - and these three pawns are strong.} h6 21. h3 a6 22. Qb7 Qxb7 23. Rxb7 Bg5 24. Rc7 Nb4 25. a3 Nd3 26. e5 {White advances his passed pawns while Black has problems to create counterplay.} Rb8 27. Kh2 Kh7 28. Kg3 Rf8 29. Rc6 Bf4+ 30. Kf3 {Cold-blooded - Black has no dangerous discovered checks.} Ne1+ 31. Ke4 Nxg2 32. d5 {Now White's passed pawns advance - White is winning.} Nxe3 33. fxe3 Bg3 34. d6 Re8 35. d7 Rd8 36. e6 Bh4 37. Kd5 Kg8 38. Rxa6 Kf8 39. Ra4 Bf6 40. Rc4 Ke7 41. Rc8 Bg5 42. a4 Bxe3 43. a5 h5 44. Kc6 {Black resigned - he cannot stop the pawns.} 1-0

[Event "FRA-chT Top 16 GpA"]
[Site "Noyon"]
[Date "2005.04.02"]
[Round "6"]
[White "Georgiev, Kiril"]
[Black "Pelletier, Yannick"]
[Result "1/2-1/2"]
[WhiteElo "2645"]
[BlackElo "2604"]
[Annotator "ChessBase II"]
[PlyCount "99"]
[EventDate "2005.03.31"]
[EventType "team-tourn"]
[EventRounds "7"]
[EventCountry "FRA"]
[SourceTitle "CBM 105 Extra"]
[Source "ChessBase"]
[SourceDate "2005.05.01"]
[SourceVersion "1"]
[SourceVersionDate "2005.05.01"]
[SourceQuality "1"]
[WhiteTeam "Mulhouse"]
[BlackTeam "Clichy"]
[WhiteTeamCountry "FRA"]
[BlackTeamCountry "FRA"]
[TimeControl "40/6000+30:20/3000+30:600+30"]

1. d4 {Baburin,Alexander} d5 2. c4 c6 3. Nf3 Nf6 4. Nc3 e6 5. Bg5 Nbd7 6. cxd5 exd5 7. e3 Be7 8. Bd3 Nh5 9. Bxe7 Qxe7 10. O-O O-O 11. Qb1 (11. Qc2 Nhf6 12. Rfe1 g6 13. Rab1 Nb6 14. b4 Be6 15. a4 a6 16. a5 Nc8 17. Ne5 Nd6 18. f3 Rad8 19. Qf2 Nd7 20. Na4 Nxe5 21. dxe5 Ne8 22. e4 Ng7 23. Nc5 Bc8 24. f4 dxe4 25. Bxe4 Ne6 26. h3 f6 27. Nxe6 Bxe6 28. Qc5 Qxc5+ 29. bxc5 Rd7 30. Bf3 Kf7 31. Red1 Rfd8 32. Rd6 fxe5 33. fxe5 Ke7 34. Kf2 Rc7 35. Rxd8 Kxd8 36. Rd1+ Ke8 37. Rd6 Re7 38. Ke3 Bc8 39. Kf4 Rf7+ 40. Rf6 Ke7 {Onischuk,A (2647)-Pelletier,Y (2623) Poikovsky 2003 1-0}) 11... Nhf6 12. b4 a6 13. a4 ({RR} 13. Re1 g6 14. a4 Rd8 15. h3 a5 16. b5 c5 17. Qa2 c4 18. Bc2 Nb6 19. Rab1 Be6 20. Ne5 Nfd7 21. Nc6 bxc6 22. bxc6 Qg5 23. Kf1 Nc8 24. cxd7 Ne7 25. Rb6 Rxd7 26. Reb1 Rdd8 27. R1b5 Nf5 {Makhmudov,R (2115)-Volodin,V (2017) Odintsovo RUS 2026 1-0 (50)}) 13... Re8 14. Rc1 ({RR} 14. Nd2 Qd6 15. Re1 Nf8 16. b5 axb5 17. axb5 Rxa1 18. Qxa1 Ne6 19. Nf3 c5 20. dxc5 Nxc5 21. Bf1 Bg4 22. Nd4 Ne6 23. h3 Nxd4 24. exd4 Rxe1 25. Qxe1 Be6 26. Qa1 Qd8 27. Qa7 b6 28. Na4 Nd7 {Cheparinov,I (2672)-Vitiugov,N (2737) Caleta 2014 1-0 (58)}) 14... g6 15. Nd2 $146 (15. Qb2 a5 ({RR} 15... Nf8 16. b5) 16. bxa5 Rxa5 17. Nd2 Ng4 18. Nb3 Qd6 19. g3 Ra7 20. e4 dxe4 21. Nxe4 Qf8 22. Re1 b6 ({RR} 22... Ngf6) 23. Nbd2 Ba6 24. Bc2 Rb7 25. Bb3 Ngf6 26. Rac1 Rc8 27. Nxf6+ Nxf6 28. d5 Nxd5 29. Ne4 Rd8 30. Rxc6 Qb4 31. Nf6+ Kf8 32. Nxh7+ Kg8 33. Nf6+ Kf8 34. Re4 {1-0 (34) Kramnik,V (2730)-Timman,J (2590) Belgrade 1995}) ({RR} 15. Qb2 a5 16. bxa5 Rxa5 17. Nd2 Ng4 18. Nb3 Qd6 19. g3 Ra7 20. e4 dxe4 21. Nxe4 Qf8 22. Re1 b6 23. Nbd2 Ba6 24. Bc2 Rb7 25. Bb3 Ngf6 26. Rac1 Rc8 27. Nxf6+ Nxf6 28. d5 Nxd5 29. Ne4 Rd8 {Kramnik,V (2730)-Timman,J (2590) Belgrade 1995 CBM 051 [Baburin,Alexander] 1-0 (34)}) ({RR} 15. Qb2 Qd6 16. h3 Kg7 17. Nd2 h6 18. Be2 Kg8 19. Bf3 Nf8 20. b5 Ne6 21. bxc6 bxc6 22. Qa3 Qd8 23. Na2 Bb7 24. Nb4 Rc8 25. Nd3 Ng5 26. Nc5 Ba8 27. a5 Nfe4 28. Ncxe4 Nxe4 29. Bxe4 dxe4 {Mica,M (2212)-Kornitzky,T (2133) Marianske Lazne 2019 1-0 (43)}) 15... b6 16. a5 b5 17. Re1 Nf8 18. Qb2 Bb7 19. e4 Ne6 20. e5 Nd7 21. Ne2 f6 22. f4 fxe5 23. fxe5 Qg5 24. Kh1 Rf8 25. Rf1 Qe3 26. Qc3 Kg7 27. Nf3 Rf7 28. Rad1 (28. Rae1 $142 {[%cal Ge1e3,Ge2g3]} Raf8 29. Ng3 Qh6 $16 {[%csl Rb7]}) 28... Raf8 29. Qc1 Qxc1 30. Rxc1 Nb8 31. Kg1 Bc8 32. Rfe1 Rc7 33. Nd2 Rff7 34. Nb3 Nd7 35. Rc3 Ndf8 36. Rec1 Nd8 37. h3 Nfe6 38. Bb1 Rce7 39. Rg3 Bd7 40. h4 Kh6 41. Rgc3 Rf8 42. Nd2 Nf4 43. Ng3 Bg4 44. Kh2 Nfe6 45. Nb3 Rf4 46. Rd3 Bh5 47. Kh3 Bg4+ 48. Kh2 Bh5 49. Kh3 Bg4+ 50. Kh2 1/2-1/2

[Event "45th Olympiad 2024"]
[Site "Budapest HUN"]
[Date "2024.09.14"]
[Round "4.4"]
[White "Yu, Yangyi"]
[Black "Sargissian, Gabriel"]
[Result "1-0"]
[WhiteElo "2703"]
[BlackElo "2646"]
[PlyCount "103"]
[EventDate "2024.09.11"]
[WhiteTeam "China"]
[BlackTeam "Armenia"]
[WhiteTeamCountry "CHN"]
[BlackTeamCountry "ARM"]

1. c4 e6 2. Nc3 d5 3. d4 Nf6 4. cxd5 exd5 5. Bg5 c6 6. e3 h6 7. Bh4 Be7 8. Bd3 O-O 9. Bg3 Re8 ({RR} 9... Nbd7 10. h3 Re8 11. Nf3 Bb4 12. Qb3 c5 13. O-O Bxc3 14. Qxc3 c4 15. Bc2 a5 16. a4 Qb6 17. b3 Ne4 18. Bxe4 dxe4 19. Nd2 cxb3 20. Rfb1 Qg6 21. Rxb3 Nf6 22. Rb5 Be6 23. Rxa5 Nd5 24. Rxa8 {1-0 Carlsen,M (2862)-Firouzja,A (2749) Skilling op Prelim rapid 2020 (5)}) 10. h3 c5 11. Nge2 $146 ({RR} 11. dxc5 d4 12. exd4 Bxc5+ 13. Nge2 Bxd4 14. O-O Nc6 15. Nxd4 Nxd4 16. Nb5 Nxb5 17. Bxb5 Bd7 18. Bd3 Bc6 19. Bc4 Ne4 20. Bf4 Qf6 21. Be3 Rad8 22. Qg4 Nd2 23. Bxd2 Rxd2 24. b3 b5 25. Rac1 bxc4 {0-1 Sarana,A (2685)-Ter Sahakyan,S (2617) Titled Tue 2nd May Early 2023 (6)}) ({RR} 11. Nf3 Nc6 12. O-O cxd4 13. Nxd4 Nxd4 14. exd4 Bd6 15. Bxd6 Qxd6 16. Rc1 Bd7 17. Qb3 Bc6 18. Bb5 Nh5 19. Bxc6 bxc6 20. Qd1 Nf4 21. Qf3 Qf6 22. Rfd1 Rab8 23. Rc2 Rb4 24. Rcd2 Rb7 25. Kh2 Qd6 {0-1 Bluebaum,M (2647)-Dubov,D (2701) Chess.com Speed KO Lose 2024 (1.1)}) 11... Nc6 12. O-O a6 13. dxc5 Bxc5 14. Bh4 g5 15. Bg3 d4 16. exd4 Nxd4 17. Nxd4 Bxd4 18. Qd2 Bxc3 $146 ({RR} 18... Bd7 19. Rad1 Rc8 20. Bh7+ Nxh7 21. Qxd4 Bc6 22. Bd6 Qf6 23. Bb4 Qxd4 24. Rxd4 Rcd8 25. Rxd8 Rxd8 26. Rd1 Rxd1+ 27. Nxd1 Nf6 28. Ne3 Nd5 29. Nxd5 Bxd5 30. a3 f5 31. f4 Kf7 32. h4 gxh4 33. Be1 {Lu,M (2424)-Hardaway,B (2544) Saint Louis USA 2026 ½-½ (47)}) 19. Qxc3 Nd5 20. Qb3 Be6 21. Qxb7 Nf4 22. Bxf4 Qxd3 23. Bg3 Bd5 24. Qb4 Qe4 25. Qxe4 Rxe4 26. Rfd1 Be6 27. Rd2 a5 28. f3 Rc4 29. Be5 Rcc8 30. a4 Rc5 31. Bc3 Kh7 32. Rd6 Kg6 33. Kf2 h5 34. g4 hxg4 35. hxg4 Rd5 36. Rb6 Rc5 37. Re1 Rd5 38. Re4 Kh7 39. Kg3 Kg6 40. Rc4 Rad8 41. Rcc6 Ra8 42. Kf2 Kh7 43. Rc7 Kg6 44. Ke3 Rd1 45. Rc5 Ra1 46. Re5 Kh6 47. Rbb5 Bd7 48. Rbd5 Re8 49. Rxd7 Rxe5+ 50. Bxe5 Re1+ 51. Kd2 Rxe5 52. Rxf7 1-0